| 000 | 00807cam a2200289 4500 | ||
|---|---|---|---|
| 999 |
_c9610 _d9610 |
||
| 001 | 9610 | ||
| 003 | BD-JhCC | ||
| 005 | 20180321131556.0 | ||
| 008 | 180320s1975 enk b 001 0 eng | ||
| 020 | _a0393092984 | ||
| 020 | _a0393092992 (pbk.) | ||
| 035 | _a(BD-JhCC)9610 | ||
| 040 |
_aDLC _cDLC _dDLC _dBD-JhCC |
||
| 041 | _aeng | ||
| 050 | 0 | 0 |
_aPR1109 _b.A22 1975 |
| 082 | 0 | 0 |
_a820/.8 _bABR 1975 |
| 100 | 1 | _aAbrams, M. H. | |
| 245 | 1 | 4 |
_aThe Norton anthology of English literature / _cM. H. Abrams, general editor. |
| 250 | _a7th ed. | ||
| 260 |
_aNew York : _bW. W. NORTON & COMPANY, _c1975. |
||
| 300 |
_a 2953 p. _c25 cm. |
||
| 504 | _aBibliography: p. 2619-2641. | ||
| 650 | 0 | _aEnglish literature. | |
| 651 | 0 |
_aGreat Britain _vLiterary collections. |
|
| 942 |
_2ddc _cBK |
||